000 00470nam a2200217Ia 4500
003 IT-RoPAU
008 120407s9999 xx 000 0 und d
040 _aIT-RoPAU
040 _cIT-RoPAU
041 _aita
100 _aValerio Tonini
245 _aScienza dell’informazione, cibernetica, epistemologia.
250 _aRoma
260 _aBulzoni
260 _c1971
300 _a387 p.
300 _c20 cm
490 _v1
942 _cBK
999 _c33876
_d33876